[Event "MNT-ch 75th"]
[Site "Podgorica"]
[Date "2023.02.07"]
[Round "3"]
[White "Andjelic, Djordje"]
[Black "Pekic, Momcilo"]
[Result "1-0"]
[WhiteElo "1918"]
[BlackElo "1698"]
[PlyCount "69"]
[EventDate "2023.02.05"]
[EventType "swiss"]
[EventRounds "9"]
[EventCountry "MNE"]
[SourceTitle "CBM 212 Extra"]
[Source "ChessBase"]
[SourceDate "2023.03.31"]
[SourceVersion "1"]
[SourceVersionDate "2023.03.31"]
[SourceQuality "1"]

1. d4 g6 2. e4 d6 3. Nc3 Bg7 4. Nge2 Nf6 5. h3 0-0 6. g4 e5 7. Bg2 Nc6 8. Be3 exd4 9. Nxd4 Nxd4 10. Bxd4 Be6 11. 0-0 Nd7 12. f4 Bxd4+ 13. Qxd4 Qf6 14. Qe3 Bc4 15. Rf2 Rfe8 16. b3 Ba6 17. Rd1 c6 18. g5 Qe6 19. Qd4 Nf8 20. Qxd6 Rad8 21. Qxe6 Rxd1+ 22. Nxd1 Nxe6 23. h4 Rd8 24. Ne3 Nc5 25. Ng4 Kg7 26. Nf6 h5 27. f5 Rd1+ 28. Kh2 Nd7 29. fxg6 Nxf6 30. Rxf6 fxg6 31. e5 Re1 32. e6 Re2 33. Kg3 b6 34. Rf7+ Kg8 35. Rxa7 1-0

[Event "MNE-chT 2nd League"]
[Site "Cetinje"]
[Date "2022.10.16"]
[Round "4"]
[White "Andjelic, Djordje"]
[Black "Zizic, Djordje"]
[Result "1-0"]
[WhiteElo "1929"]
[BlackElo "1332"]
[PlyCount "53"]
[EventDate "2022.10.14"]
[EventType "team-tourn"]
[EventRounds "5"]
[EventCountry "MNE"]
[SourceTitle "EXT 2024"]
[Source "ChessBase"]
[SourceDate "2023.10.10"]
[SourceVersion "1"]
[SourceVersionDate "2023.10.10"]
[SourceQuality "1"]
[WhiteTeam "Bar Mornar"]
[BlackTeam "Savnik"]
[WhiteTeamCountry "MNE"]
[BlackTeamCountry "MNE"]

1. d4 d5 2. Bg5 f6 3. Bh4 Nh6 4. e3 Nf5 5. Bd3 g6 6. Bg3 Nxg3 7. hxg3 Bg7 8. Rxh7 Rxh7 9. Bxg6+ Kd7 10. Bxh7 Qh8 11. Qh5 Kd6 12. c4 c6 13. cxd5 cxd5 14. Nc3 e6 15. Nb5+ Kc6 16. a4 Qf8 17. Rc1+ Kb6 18. Nc7 Qb4+ 19. Kf1 Qxb2 20. Nxa8+ Ka5 21. Rb1 Qa3 22. Qe8 Bd7 23. Qxb8 a6 24. Qc7+ Kxa4 25. Nb6+ Ka5 26. Nc4+ Ka4 27. Qa5# 1-0

[Event "MNT-ch 74th"]
[Site "Podgorica"]
[Date "2022.02.24"]
[Round "6"]
[White "Andjelic, Djordje"]
[Black "Lakusic, Zoran"]
[Result "1-0"]
[WhiteElo "1888"]
[BlackElo "1655"]
[PlyCount "113"]
[EventDate "2022.02.19"]
[EventType "swiss"]
[EventRounds "9"]
[EventCountry "MNE"]
[SourceTitle "EXT 2023"]
[Source "ChessBase"]
[SourceDate "2022.10.05"]
[SourceVersion "1"]
[SourceVersionDate "2022.10.05"]
[SourceQuality "1"]

1. d4 d5 2. Bg5 Nf6 3. Bxf6 exf6 4. e3 Bb4+ 5. c3 Bd6 6. g3 Bf5 7. Qb3 Qc8 8. Qxd5 0-0 9. Bg2 Nc6 10. Qb5 Bd7 11. Qd3 Ne7 12. Nd2 f5 13. Ne2 c6 14. 0-0 Qc7 15. c4 Ng6 16. c5 Be7 17. b4 Rad8 18. a4 Be6 19. Qc2 h5 20. b5 h4 21. Rfb1 hxg3 22. hxg3 Bg5 23. b6 axb6 24. Rxb6 Ne7 25. a5 Nd5 26. Bxd5 Rxd5 27. a6 bxa6 28. Raxa6 Bd7 29. Nc4 Re8 30. Nd6 Rxd6 31. cxd6 Qxd6 32. Rb3 Be6 33. Rc3 Bd5 34. Rcxc6 Bxc6 35. Qxc6 Qb8 36. Rb6 Qa8 37. Qxa8 Rxa8 38. Nc3 Bd8 39. Rb7 Ra1+ 40. Kg2 Ba5 41. Nd5 g6 42. Ra7 Kg7 43. Kf3 Bc3 44. Rxa1 Bxa1 45. Ke2 Bb2 46. Kd3 Ba3 47. Kc4 g5 48. Kb5 Bc1 49. Kc6 Bd2 50. Nc7 Kf8 51. d5 Ke7 52. d6+ Kd8 53. d7 Bb4 54. Nb5 Ke7 55. Kc7 Ba5+ 56. Kc8 f4 57. Nc7 1-0

[Event "MNT-ch 74th"]
[Site "Podgorica"]
[Date "2022.02.21"]
[Round "3"]
[White "Miletic, Vuk"]
[Black "Andjelic, Djordje"]
[Result "1-0"]
[WhiteElo "2196"]
[BlackElo "1888"]
[PlyCount "67"]
[EventDate "2022.02.19"]
[EventType "swiss"]
[EventRounds "9"]
[EventCountry "MNE"]
[SourceTitle "EXT 2023"]
[Source "ChessBase"]
[SourceDate "2022.10.05"]
[SourceVersion "1"]
[SourceVersionDate "2022.10.05"]
[SourceQuality "1"]

1. d4 d5 2. Bf4 e6 3. e3 c5 4. c3 Nc6 5. Nf3 Bd6 6. Bg3 Nge7 7. Bd3 0-0 8. Nbd2 f6 9. Qe2 e5 10. dxe5 fxe5 11. e4 Kh8 12. Ng5 h6 13. Qh5 Kg8 14. exd5 Nxd5 15. Bh7+ Kh8 16. Nf7+ Rxf7 17. Qxf7 Nf4 18. Bxf4 exf4 19. Be4 Ne5 20. Qd5 Qe7 21. Nc4 Nxc4 22. Qxc4 Be6 23. Qe2 Re8 24. 0-0 Bf5 25. f3 g5 26. Rfe1 g4 27. Qf1 Qf6 28. Bxf5 Rxe1 29. Rxe1 Qxf5 30. fxg4 Qxg4 31. Qf3 Qd7 32. Qd5 f3 33. Rd1 Qe7 34. Qxf3 1-0

[Event "MNT-chT 1st League"]
[Site "Podgorica"]
[Date "2021.05.20"]
[Round "1.3"]
[White "Malisic, Miroslav"]
[Black "Andjelic, Djordje"]
[Result "0-1"]
[WhiteElo "1832"]
[BlackElo "1945"]
[PlyCount "90"]
[EventDate "2021.05.20"]
[EventType "team-tourn"]
[EventRounds "7"]
[EventCountry "MNE"]
[SourceTitle "EXT 2022"]
[Source "ChessBase"]
[SourceDate "2021.10.06"]
[SourceVersion "1"]
[SourceVersionDate "2021.10.06"]
[SourceQuality "1"]

1. d4 d5 2. c4 e6 3. Nc3 Nf6 4. Bg5 Be7 5. e3 0-0 6. Nf3 h6 7. Bxf6 Bxf6 8. cxd5 exd5 9. Bd3 c6 10. Bc2 g6 11. 0-0 Bg7 12. h3 Nd7 13. Ne2 Re8 14. Nf4 Nf6 15. Ne5 Ne4 16. f3 Nd6 17. Nfxg6 fxg6 18. Bxg6 Rf8 19. f4 Bf5 20. Qh5 Be4 21. Ng4 Bxg6 22. Qxg6 Nf5 23. Qe6+ Kh8 24. Ne5 Bxe5 25. fxe5 Qg5 26. h4 Qxe3+ 27. Kh2 Qe4 28. Rf3 Qxh4+ 29. Rh3 Qf4+ 30. Kh1 Kg7 31. Rf3 Ng3+ 32. Kh2 Qh4+ 33. Kg1 Ne2+ 34. Kf1 Ng3+ 35. Kg1 Qxd4+ 36. Kh2 Qh4+ 37. Kg1 Rxf3 38. gxf3 Rf8 39. Kg2 Qf4 40. Rg1 Kh8 41. Kh3 Qf5+ 42. Qxf5 Nxf5 43. Rg6 d4 44. Kg4 d3 45. Kh5 d2 0-1

[Event "MNT-chT"]
[Site "Podgorica"]
[Date "2020.10.09"]
[Round "1.4"]
[White "Andjelic, Djordje"]
[Black "Sukovic, Darko"]
[Result "1/2-1/2"]
[WhiteElo "1900"]
[BlackElo "1938"]
[PlyCount "69"]
[EventDate "2020.10.09"]
[EventType "team-tourn"]
[EventRounds "9"]
[EventCountry "MNE"]
[SourceTitle "CBM 198 Extra"]
[Source "ChessBase"]
[SourceDate "2020.11.30"]
[SourceVersion "1"]
[SourceVersionDate "2020.11.30"]
[SourceQuality "1"]
[WhiteTeam "Prosvjeta"]
[BlackTeam "Herceg Novi"]
[WhiteTeamCountry "MNE"]
[BlackTeamCountry "MNE"]

1. d4 Nf6 2. Bg5 e6 3. e4 Be7 4. Bxf6 Bxf6 5. c3 b6 6. Bd3 Bb7 7. Ne2 d6 8. 0-0 Nd7 9. f4 c5 10. Nd2 Qc7 11. Nf3 0-0-0 12. a4 c4 13. Bc2 d5 14. e5 Be7 15. b4 a6 16. f5 Nf8 17. Qd2 h6 18. Nf4 Kb8 19. Qe3 Bc8 20. Nh5 g6 21. fxg6 fxg6 22. Nf6 g5 23. Nd2 Nd7 24. Qe2 Rdf8 25. Nxd7+ Qxd7 26. Qh5 Qe8 27. Qxe8 Rxe8 28. Rf7 Kc7 29. Raf1 Kd7 30. Rg7 Reg8 31. Rff7 Rxg7 32. Rxg7 Ke8 33. Nf1 Bd7 34. Rg6 Kf7 35. Ne3 1/2-1/2

[Event "EU-ch U14"]
[Site "Bratislava"]
[Date "2019.08.06"]
[Round "5"]
[White "Andjelic, Djordje"]
[Black "Sustek, Adam"]
[Result "1/2-1/2"]
[WhiteElo "1787"]
[BlackElo "1438"]
[PlyCount "80"]
[EventDate "2019.08.02"]
[EventType "swiss"]
[EventRounds "9"]
[EventCountry "SVK"]
[SourceTitle "EXT 2020"]
[Source "ChessBase"]
[SourceDate "2019.10.17"]
[SourceVersion "1"]
[SourceVersionDate "2019.10.17"]
[SourceQuality "1"]

1. d4 d5 2. Nf3 Nf6 3. Bf4 Bf5 4. e3 c6 5. Bd3 Bg6 6. 0-0 e6 7. Ne5 Bd6 8. Bxg6 hxg6 9. Nd2 Nh5 10. Ndf3 Nxf4 11. exf4 Qf6 12. g3 Bxe5 13. Nxe5 Qf5 14. Re1 Qh3 15. Nf3 Nd7 16. Qd3 Nf6 17. Qf1 Qh5 18. Qg2 Ne4 19. Nh4 Nd6 20. Qf3 Nc4 21. Qxh5 gxh5 22. f5 Kd7 23. fxe6+ fxe6 24. b3 Na3 25. Rac1 Nb5 26. c3 g5 27. Nf3 Rhg8 28. Re3 g4 29. Ne5+ Ke7 30. Nd3 Rg6 31. Nf4 Rh6 32. Rce1 Nc7 33. Re5 Rah8 34. c4 Kd7 35. cxd5 cxd5 36. Rg5 Nb5 37. Rd1 Nc3 38. Rc1 Nb5 39. Rg7+ Kd6 40. Ng6 R8h7 1/2-1/2

[Event "MNT-chT 1st League"]
[Site "Podgorica"]
[Date "2019.07.21"]
[Round "2.7"]
[White "Loncar, Milenko"]
[Black "Andjelic, Djordje"]
[Result "1-0"]
[WhiteElo "2033"]
[BlackElo "1787"]
[PlyCount "62"]
[EventDate "2019.07.20"]
[EventType "team-tourn"]
[EventRounds "9"]
[EventCountry "MNE"]
[SourceTitle "EXT 2020"]
[Source "ChessBase"]
[SourceDate "2019.10.17"]
[SourceVersion "1"]
[SourceVersionDate "2019.10.17"]
[SourceQuality "1"]
[WhiteTeam "Rudar"]
[BlackTeam "Prosvjeta"]
[WhiteTeamCountry "MNE"]
[BlackTeamCountry "MNE"]

1. Nf3 d5 2. g3 Nf6 3. Bg2 e6 4. 0-0 c5 5. c4 Nc6 6. d3 Be7 7. Bf4 0-0 8. Nc3 a6 9. e4 d4 10. Ne2 Nd7 11. h3 e5 12. Bd2 b5 13. b3 Rb8 14. Ne1 Nb6 15. f4 f6 16. g4 Be6 17. Nf3 bxc4 18. bxc4 Nxc4 19. dxc4 Bxc4 20. Rf2 Qb6 21. Ng3 Rfd8 22. Nf5 Bf8 23. g5 Be6 24. Ng3 c4 25. gxf6 gxf6 26. fxe5 Nxe5 27. Nxe5 fxe5 28. Nf5 c3 29. Qg4+ Kh8 30. Bg5 Rd7 31. Bf6+ Bg7 1-0

[Event "MNT-chT"]
[Site "Niksic"]
[Date "2018.08.07"]
[Round "1.4"]
[White "Nikac, Predrag"]
[Black "Andjelic, Djordje"]
[Result "1-0"]
[WhiteElo "2311"]
[BlackElo "1753"]
[PlyCount "57"]
[EventDate "2018.08.07"]
[EventType "team-tourn"]
[EventRounds "9"]
[EventCountry "MNE"]
[SourceTitle "CBM 186 Extra"]
[Source "ChessBase"]
[SourceDate "2018.08.24"]
[SourceVersion "1"]
[SourceVersionDate "2018.08.24"]
[SourceQuality "1"]
[WhiteTeam "Buducnost"]
[BlackTeam "Mladost"]
[WhiteTeamCountry "MNE"]
[BlackTeamCountry "MNE"]

1. e4 e5 2. Nf3 Nc6 3. Bc4 Bc5 4. d3 Nf6 5. 0-0 d6 6. c3 a6 7. Bb3 Ba7 8. Nbd2 0-0 9. Re1 h6 10. Nf1 Re8 11. Ng3 Bd7 12. h3 Rb8 13. d4 exd4 14. cxd4 Qe7 15. Bf4 Nh7 16. Rc1 Qf6 17. Nh5 Qd8 18. Qd2 Bb6 19. Bxh6 Nxd4 20. Nxd4 gxh6 21. Rc3 Re5 22. Rg3+ Rg5 23. Ree3 Qe7 24. h4 Rxg3 25. Rxg3+ Kh8 26. Nf3 Qxe4 27. Qc3+ f6 28. Nxf6 Bd4 29. Qxd4 1-0

[Event "EU-ch Amateur U2300"]
[Site "Niksic"]
[Date "2018.06.17"]
[Round "5"]
[White "Andjelic, Djordje"]
[Black "Pobor, Danilo"]
[Result "1/2-1/2"]
[WhiteElo "1690"]
[BlackElo "1931"]
[PlyCount "43"]
[EventDate "2018.06.14"]
[EventType "swiss"]
[EventRounds "9"]
[EventCountry "MNE"]
[SourceTitle "CBM 185 Extra"]
[Source "ChessBase"]
[SourceDate "2018.07.29"]
[SourceVersion "1"]
[SourceVersionDate "2018.07.29"]
[SourceQuality "1"]

1. d4 e6 2. e4 c5 3. c3 Nf6 4. e5 Nd5 5. Nf3 Be7 6. Bc4 d6 7. exd6 Bxd6 8. Bxd5 exd5 9. Be3 Qb6 10. Qc2 Bg4 11. Nbd2 h6 12. h3 Be6 13. 0-0 0-0 14. Qb3 Nd7 15. Rac1 Qc6 16. Qc2 b5 17. dxc5 Bxc5 18. Nd4 Qb6 19. N2b3 Bxd4 20. Nxd4 Qb7 21. Nxe6 fxe6 22. Bxh6 1/2-1/2

[Event "EU School-ch U13"]
[Site "Budva"]
[Date "2017.06.13"]
[Round "3.6"]
[White "Unat, Can Haktan"]
[Black "Andjelic, Djordje"]
[Result "1-0"]
[WhiteElo "2043"]
[BlackElo "1749"]
[PlyCount "59"]
[EventDate "2017.06.11"]
[EventType "swiss"]
[EventRounds "9"]
[EventCountry "MNE"]
[SourceTitle "EXT 2024"]
[Source "ChessBase"]
[SourceDate "2023.10.10"]
[SourceVersion "1"]
[SourceVersionDate "2023.10.10"]
[SourceQuality "1"]

1. e4 e5 2. Nf3 d6 3. d4 Nd7 4. dxe5 dxe5 5. Bc4 c6 6. Nc3 Be7 7. h4 Ngf6 8. Bg5 Qa5 9. Qe2 b5 10. Bd3 Bb7 11. 0-0 Qc7 12. Rfd1 0-0 13. h5 h6 14. Bh4 Nc5 15. a3 Nxh5 16. Bxe7 Qxe7 17. Qe3 Nd7 18. Be2 Nf4 19. g3 Nxe2+ 20. Nxe2 f5 21. exf5 Rxf5 22. Qb3+ Kh8 23. Nh4 Rf6 24. Qd3 Nf8 25. Nc3 Bc8 26. Qd8 Qxd8 27. Rxd8 g5 28. Ne4 Rf7 29. Ng2 Bf5 30. Nd6 1-0

[Event "EU School-ch U13"]
[Site "Budva"]
[Date "2017.06.12"]
[Round "2"]
[White "Andjelic, Djordje"]
[Black "Zhukov, Maksim"]
[Result "1/2-1/2"]
[WhiteElo "1749"]
[BlackElo "1950"]
[PlyCount "52"]
[EventDate "2017.06.11"]
[EventType "swiss"]
[EventRounds "9"]
[EventCountry "MNE"]
[SourceTitle "EXT 2024"]
[Source "ChessBase"]
[SourceDate "2023.10.10"]
[SourceVersion "1"]
[SourceVersionDate "2023.10.10"]
[SourceQuality "1"]

1. d4 Nf6 2. Bg5 e6 3. e4 h6 4. Bxf6 Qxf6 5. c3 d5 6. e5 Qd8 7. Bd3 c5 8. Ne2 Nc6 9. 0-0 Qb6 10. Qb3 c4 11. Qxb6 axb6 12. Bc2 b5 13. f4 b4 14. Nd2 g6 15. g4 h5 16. f5 Bh6 17. fxg6 Bxd2 18. Rxf7 Bd7 19. Raf1 0-0-0 20. g7 Rhg8 21. Bh7 Kc7 22. Bxg8 Rxg8 23. gxh5 Bh6 24. R1f6 Be3+ 25. Kh1 Nd8 26. Re7 Nc6 1/2-1/2